[Event "European Rapid 2014"]
[Site "Wroclaw POL"]
[Date "2014.12.20"]
[Round "5.27"]
[White "Abergel, Thal"]
[Black "Heberla, Bartlomiej"]
[Result "1-0"]
[WhiteTitle "GM"]
[BlackTitle "GM"]
[WhiteElo "2400"]
[BlackElo "2561"]
[WhiteFideId "614890"]
[BlackFideId "1115120"]
[EventDate "2014.12.20"]

1. e4 c5 2. Nc3 e6 3. Nf3 d6 4. d4 cxd4 5. Nxd4 Nf6 6. g4 h6 7. h4 Nc6 8. g5
hxg5 9. Bxg5 Qb6 10. Nb3 Bd7 11. Qe2 Rc8 12. O-O-O a6 13. Kb1 Qc7 14. h5 Be7 15.
f4 b5 16. h6 gxh6 17. Bg2 b4 18. Nd5 exd5 19. exd5 Ng8 20. dxc6 Bxc6 21. Bxc6+
Qxc6 22. Bxe7 Nxe7 23. Rhe1 Rc7 24. Nd4 Qc5 25. f5 Kd8 26. Qxa6 Nc8 27. Qd3 Re8
28. Rxe8+ Kxe8 29. Qe3+ Re7 30. Qxh6 Kd7 31. Qh1 Kc7 32. f6 Re5 33. Nb3 Qc6 34.
Qh7 Qc4 35. Nc1 Nb6 36. Nd3 Re2 37. Rc1 Na4 38. b3 Nc3+ 39. Ka1 Qd4 40. Qxf7+
Kb6 41. Qc4 Qxf6 42. Qxb4+ Kc7 43. Qa5+ Kd7 44. Qa7+ Ke6 45. Nb2 Qg5 46. Rf1 Qf5
47. Rxf5 1-0

[Event "European Rapid 2014"]
[Site "Wroclaw POL"]
[Date "2014.12.20"]
[Round "5.28"]
[White "Przybylski, Wojciech"]
[Black "Kulaots, Kaido"]
[Result "1/2-1/2"]
[WhiteTitle "FM"]
[BlackTitle "GM"]
[WhiteElo "2378"]
[BlackElo "2563"]
[WhiteFideId "1117599"]
[BlackFideId "4500261"]
[EventDate "2014.12.20"]

1. e4 c5 2. Nf3 d6 3. Bb5+ Nd7 4. d4 cxd4 5. Qxd4 a6 6. Bxd7+ Bxd7 7. c4 e5 8.
Qd3 b5 9. Na3 Qb8 10. O-O h6 11. b3 Nf6 12. Bb2 Be7 13. Rad1 Qb7 14. Nd2 O-O 15.
Rfe1 Bc6 16. f3 Nh5 17. g3 Bd8 18. Nc2 Nf6 19. Qxd6 Bc7 20. Qd3 Rfd8 21. Qe2 a5
22. Ne3 bxc4 23. Nexc4 Bb5 24. Kg2 a4 25. Qe3 axb3 26. axb3 Ra2 27. Ra1 Bb6 28.
Qc3 Bd4 29. Qc2 Rxa1 30. Bxa1 Qa7 31. Bc3 Qc5 32. Ra1 h5 33. Ra5 h4 34. Ra1 Bd7
35. Bxd4 Qxd4 36. Qb2 h3+ 37. Kf1 Qd3+ 38. Kf2 Be6 39. Re1 Qd7 40. Re2 Qa7+ 41.
Ne3 Nd7 42. Nc4 Nc5 43. Nxe5 f6 44. b4 Na4 45. Nc6 Nxb2 46. Nxa7 Nd3+ 47. Kf1
Ra8 48. Rd2 Ne5 49. Rd6 Bf7 50. Nc6 Nxf3 51. Rd8+ Rxd8 52. Nxd8 Be8 53. Ne6
Nxh2+ 54. Kf2 Bd7 55. Nc5 Bb5 56. Ne6 Bc6 57. Nf4 Bxe4 58. Nxh3 Nf3 59. Nc4 Bd5
60. Nf4 Bxc4 61. Kxf3 Kf7 62. Ke4 Ke7 63. Nd5+ Ke6 64. Nf4+ Ke7 65. Kd4 Bf1 66.
Nd5+ Ke6 67. Ne3 Be2 68. Ke4 g6 69. Ng2 f5+ 70. Ke3 Bf1 71. Nf4+ Kf6 72. Nd3 g5
73. Ne1 Bb5 74. Nf3 Ba6 75. Nd4 Ke5 76. Nf3+ Kf6 77. Kd4 Bb7 78. Ne5 f4 79. gxf4
gxf4 80. b5 Kf5 81. Nc4 Kg4 82. Ne5+ Kg3 83. b6 Bc8 1/2-1/2

[Event "European Rapid 2014"]
[Site "Wroclaw POL"]
[Date "2014.12.20"]
[Round "5.29"]
[White "Koziol, Kamil"]
[Black "Kosyrev, Vladimir"]
[Result "0-1"]
[BlackTitle "GM"]
[WhiteElo "1987"]
[BlackElo "2520"]
[WhiteFideId "1161555"]
[BlackFideId "4122259"]
[EventDate "2014.12.20"]

1. e4 e6 2. d4 d5 3. Nc3 Nc6 4. e5 f6 5. f4 Bb4 6. Nf3 Qe7 7. a3 Bxc3+ 8. bxc3
Bd7 9. a4 O-O-O 10. a5 Kb8 11. Bd3 Qf7 12. Qe2 Nge7 13. Bd2 h6 14. O-O Ka8 15.
c4 f5 16. c5 g5 17. fxg5 hxg5 18. Bxg5 Rdg8 19. h4 a6 20. c4 Nb4 21. Rfb1 Nxd3
22. Qxd3 Bc6 23. Rb2 dxc4 24. Qxc4 Bxf3 25. gxf3 Rxh4 26. Rg2 Rh5 27. f4 c6 28.
Bxe7 Rxg2+ 29. Kxg2 Qxe7 30. Qb3 Rh4 31. Kg3 Rg4+ 32. Kf3 Qh4 33. Qd1 Rg3+ 0-1

[Event "European Rapid 2014"]
[Site "Wroclaw POL"]
[Date "2014.12.20"]
[Round "5.30"]
[White "Bartel, Mateusz"]
[Black "Dragicevic, Drazen"]
[Result "1-0"]
[WhiteTitle "GM"]
[BlackTitle "FM"]
[WhiteElo "2664"]
[BlackElo "2289"]
[WhiteFideId "1112635"]
[BlackFideId "1707922"]
[EventDate "2014.12.20"]

1. e4 c5 2. Nf3 Nc6 3. Bb5 g6 4. c3 Bg7 5. d4 cxd4 6. cxd4 Qb6 7. Nc3 a6 8. Ba4
e6 9. d5 Nd4 10. O-O Ne7 11. Nxd4 Qxd4 12. Qf3 O-O 13. Bg5 f6 14. Be3 Qb4 15. a3
Qxb2 16. Bc5 f5 17. Bxe7 Qxc3 18. Qxc3 Bxc3 19. Rac1 Bb2 20. Rc2 Re8 21. Bd6 Bd4
22. dxe6 b5 23. Bb3 dxe6 24. Rd1 Bb6 25. exf5 gxf5 26. Rc6 Ba5 27. Be5 Kf7 28.
Rd3 Rd8 29. Rh3 Bd7 30. Rxh7+ Kg6 31. Rg7+ Kh6 32. Rxd7 Rxd7 33. g3 Re7 34. Bxe6
Kg5 35. h4+ Kg4 36. Kg2 Rae8 37. Bd5 f4 38. Rf6 1-0

[Event "European Rapid 2014"]
[Site "Wroclaw POL"]
[Date "2014.12.20"]
[Round "5.31"]
[White "Zakrzewski, Marek"]
[Black "Ragger, Markus"]
[Result "0-1"]
[BlackTitle "GM"]
[WhiteElo "2152"]
[BlackElo "2651"]
[WhiteFideId "1170694"]
[BlackFideId "1610856"]
[EventDate "2014.12.20"]

1. e4 e5 2. Nf3 Nc6 3. d4 exd4 4. Nxd4 Nf6 5. Nc3 Bb4 6. Nxc6 bxc6 7. Bd3 O-O 8.
O-O d5 9. exd5 cxd5 10. Bg5 Be6 11. Qf3 Rb8 12. Rad1 Be7 13. b3 Bg4 14. Qg3 Bxd1
15. Rxd1 Re8 16. h3 c6 17. Ne2 Nh5 18. Qh4 Bxg5 19. Qxh5 g6 20. Qg4 Qf6 21. Qa4
Re7 22. Nd4 Rbe8 23. Nxc6 Re1+ 24. Rxe1 Rxe1+ 25. Bf1 Be3 26. fxe3 Qxf1+ 27. Kh2
Qg1+ 0-1

[Event "European Rapid 2014"]
[Site "Wroclaw POL"]
[Date "2014.12.20"]
[Round "5.32"]
[White "Matlakov, Maxim"]
[Black "Kulon, Klaudia"]
[Result "1-0"]
[WhiteTitle "GM"]
[BlackTitle "WIM"]
[WhiteElo "2695"]
[BlackElo "2332"]
[WhiteFideId "4168003"]
[BlackFideId "1131044"]
[EventDate "2014.12.20"]

1. d4 d5 2. c4 e6 3. Nf3 c6 4. Qc2 dxc4 5. Qxc4 b5 6. Qc2 Bb7 7. Bg5 Nf6 8. Nbd2
Nbd7 9. e4 a6 10. a4 Qa5 11. Be2 c5 12. O-O Qb6 13. axb5 axb5 14. Rxa8+ Bxa8 15.
Rc1 Bb7 16. Be3 c4 17. b3 cxb3 18. Qxb3 b4 19. d5 Bc5 20. Nc4 Qc7 21. Bxc5 Qxc5
22. dxe6 fxe6 23. e5 O-O 24. exf6 Nxf6 25. Qe3 Qe7 26. Nb6 Kh8 27. h3 Ne4 28.
Bf1 Qd6 29. Nc4 Qe7 30. Qb6 Nc3 31. Nce5 Bd5 32. Ra1 b3 33. Bc4 Bxf3 34. Nxf3
Qf6 35. Re1 e5 36. Qxf6 gxf6 37. Bxb3 Kg7 38. g3 Rb8 39. Bc4 Rb2 40. Nh4 e4 41.
Nf5+ Kg6 42. Ne7+ Kg7 43. Nd5 1-0

[Event "European Rapid 2014"]
[Site "Wroclaw POL"]
[Date "2014.12.20"]
[Round "5.33"]
[White "Zapolski, Krzysztof"]
[Black "Korobov, Anton"]
[Result "0-1"]
[BlackTitle "GM"]
[WhiteElo "2214"]
[BlackElo "2693"]
[WhiteFideId "1126733"]
[BlackFideId "14105730"]
[EventDate "2014.12.20"]

1. Nf3 Nf6 2. g3 g6 3. Bg2 Bg7 4. O-O O-O 5. c4 Nc6 6. d4 a6 7. Nc3 Rb8 8. e4 d6
9. Re1 Bg4 10. Be3 Nd7 11. h3 Bxf3 12. Bxf3 e5 13. dxe5 dxe5 14. Nd5 Nd4 15.
Bxd4 exd4 16. Nf4 b5 17. cxb5 axb5 18. b4 Ne5 19. Nd3 Nc4 20. a4 bxa4 21. Qxa4
Re8 22. Rac1 Ne5 23. Be2 h5 24. h4 g5 25. hxg5 Qxg5 26. Rxc7 h4 27. Nxe5 Bxe5
28. Qd7 Bxc7 29. Qxc7 Rbc8 30. Qd7 hxg3 31. Qg4 Qxg4 32. Bxg4 gxf2+ 33. Kxf2
Rc2+ 34. Kf3 Rb2 35. Bd7 Rd8 36. Bc6 Rxb4 37. Bd5 Kf8 38. Kf4 Ke7 39. Rf1 f5 40.
Ke5 fxe4 41. Kxe4 d3+ 42. Ke5 Rb5 43. Rf7+ Ke8 0-1

[Event "European Rapid 2014"]
[Site "Wroclaw POL"]
[Date "2014.12.20"]
[Round "5.34"]
[White "Kovalev, Vladislav"]
[Black "Reimanis, Ritvars"]
[Result "1-0"]
[WhiteTitle "GM"]
[WhiteElo "2539"]
[BlackElo "2210"]
[WhiteFideId "13504398"]
[BlackFideId "11602988"]
[EventDate "2014.12.20"]

1. e4 e6 2. d4 d5 3. Nd2 c6 4. Ngf3 f5 5. exf5 exf5 6. Ne5 Nf6 7. Ndf3 Bd6 8.
Bd3 O-O 9. c4 Be6 10. Ng5 Qc8 11. O-O Ne4 12. Nxe6 Qxe6 13. cxd5 cxd5 14. Re1
Bxe5 15. dxe5 Nc6 16. f3 Nc5 17. Bf1 Rac8 18. Be3 d4 19. Rc1 Qxe5 20. Bg5 Qd6
21. b4 Qg6 22. Bf4 Nxb4 23. Qxd4 Qb6 24. Be3 f4 25. Rxc5 fxe3 26. Qc4+ Nd5 27.
Qxd5+ Kh8 28. Rb5 Qh6 29. Rxb7 Rcd8 30. Qe5 Rde8 31. Re7 1-0

[Event "European Rapid 2014"]
[Site "Wroclaw POL"]
[Date "2014.12.20"]
[Round "5.35"]
[White "Lysyj, Igor"]
[Black "Kukula, Pawel"]
[Result "1-0"]
[WhiteTitle "GM"]
[WhiteElo "2686"]
[BlackElo "2256"]
[WhiteFideId "4150120"]
[BlackFideId "1115081"]
[EventDate "2014.12.20"]

1. d4 Nf6 2. c4 e6 3. Nf3 c5 4. d5 exd5 5. cxd5 Bd6 6. Nc3 Bc7 7. e4 d6 8. h3 a6
9. a4 O-O 10. Bd3 Re8 11. O-O Nbd7 12. Re1 Nf8 13. Bf4 Ng6 14. Bh2 Rb8 15. Nd2
Bd7 16. Nc4 Qe7 17. e5 Nxe5 18. Bxe5 dxe5 19. d6 Bxd6 20. Nxd6 Red8 21. Nc4 b5
22. axb5 axb5 23. Nxe5 Qf8 24. Nxd7 Rxd7 25. Qf3 c4 26. Bf5 Rd2 27. Re2 Qd6 28.
Nxb5 Rd1+ 29. Rxd1 Qxd1+ 30. Kh2 Qd8 31. Nc3 g6 32. Bb1 Kg7 33. g3 Rb3 34. Ba2
Rb4 35. Ne4 Nd5 36. Rd2 Ra4 37. Nc3 1-0

[Event "European Rapid 2014"]
[Site "Wroclaw POL"]
[Date "2014.12.20"]
[Round "5.36"]
[White "Neiksans, Arturs"]
[Black "Kreyssig, Robert"]
[Result "1-0"]
[WhiteTitle "GM"]
[WhiteElo "2559"]
[BlackElo "2206"]
[WhiteFideId "11601388"]
[BlackFideId "4662881"]
[EventDate "2014.12.20"]

1. Nf3 Nf6 2. g3 d5 3. Bg2 c6 4. O-O Bg4 5. c4 e6 6. cxd5 exd5 7. d3 Bd6 8. Nc3
O-O 9. e4 Nbd7 10. Qc2 dxe4 11. dxe4 Qc7 12. h3 Bxf3 13. Bxf3 Rfe8 14. Bg2 Rad8
15. f4 Bc5+ 16. Kh2 Nf8 17. e5 N6d7 18. Ne4 Bb6 19. Nd6 Re6 20. Bd2 Rxd6 21.
exd6 Qxd6 22. Bc3 Qc7 23. Rad1 Nc5 24. Rxd8 Qxd8 25. Qe2 Nce6 26. Rd1 Qb8 27. f5
Nc5 28. Qg4 f6 29. Bxf6 Qc7 30. Bc3 Qf7 31. Bf1 Kh8 32. Bc4 Qe7 33. f6 gxf6 34.
Qg8# 1-0

[Event "European Rapid 2014"]
[Site "Wroclaw POL"]
[Date "2014.12.20"]
[Round "5.37"]
[White "Plat, Vojtech"]
[Black "Dorner, Matthias"]
[Result "1/2-1/2"]
[WhiteTitle "IM"]
[BlackTitle "FM"]
[WhiteElo "2432"]
[BlackElo "2204"]
[WhiteFideId "325740"]
[BlackFideId "4602927"]
[EventDate "2014.12.20"]

1. e4 c6 2. d4 d5 3. Nc3 dxe4 4. Nxe4 Nf6 5. Ng3 h5 6. h4 Bg4 7. Be2 e6 8. Bxg4
hxg4 9. N1e2 Bd6 10. c3 Nbd7 11. Qc2 Qa5 12. Bd2 Qd5 13. Kf1 Nh5 14. Nxh5 Qxh5
15. Bf4 Bxf4 16. Nxf4 Qh7 17. Qxh7 Rxh7 18. Ke2 Ke7 19. g3 e5 20. dxe5 Nxe5 21.
Ng2 g6 22. Ne3 f5 23. Rad1 Rd8 24. Ng2 Rhh8 25. Nf4 Kf6 26. Rxd8 Rxd8 27. b3 Nf3
28. Rd1 Rxd1 29. Kxd1 g5 30. hxg5+ Nxg5 31. Nd3 1/2-1/2

[Event "European Rapid 2014"]
[Site "Wroclaw POL"]
[Date "2014.12.20"]
[Round "5.38"]
[White "Savchenko, Boris"]
[Black "Podvin, Francois-xavier"]
[Result "1-0"]
[WhiteTitle "GM"]
[WhiteElo "2599"]
[BlackElo "2181"]
[WhiteFideId "4147332"]
[BlackFideId "677540"]
[EventDate "2014.12.20"]

1. e4 c5 2. Nf3 d6 3. c3 Nf6 4. Bd3 g6 5. O-O Nc6 6. Re1 Bg4 7. h3 Bxf3 8. Qxf3
Bg7 9. Na3 O-O 10. Bf1 Rb8 11. Nc2 Nd7 12. Rd1 b5 13. d4 Qc7 14. d5 Na5 15. b3
Rfe8 16. Rb1 e6 17. Bf4 exd5 18. Rxd5 Rb6 19. Rbd1 Be5 20. Ne3 Nf6 21. Bxe5 dxe5
22. R5d2 Qb7 23. Bxb5 Rxb5 24. Qxf6 Qxe4 25. Rd8 Rb8 26. Ng4 1-0

[Event "European Rapid 2014"]
[Site "Wroclaw POL"]
[Date "2014.12.20"]
[Round "5.39"]
[White "Grigoriants, Sergey"]
[Black "Dorokhin, Mykhailo"]
[Result "1-0"]
[WhiteTitle "GM"]
[WhiteElo "2570"]
[BlackElo "2243"]
[WhiteFideId "4130804"]
[BlackFideId "14114178"]
[EventDate "2014.12.20"]

1. e4 c6 2. d4 d5 3. Nc3 dxe4 4. Nxe4 Nf6 5. Nxf6+ gxf6 6. Nf3 Bf5 7. Bd3 e6 8.
O-O Bxd3 9. Qxd3 Nd7 10. Bf4 Qa5 11. c4 O-O-O 12. Bg3 Bg7 13. Qe3 h5 14. h3 Bh6
15. Qe2 Rhg8 16. Rfd1 Nb6 17. b3 Qc3 18. Rab1 Rg7 19. Rd3 Qb4 20. Ne1 Nxc4 21.
Nc2 Qb6 22. Qxh5 Rg6 23. Re1 Nd6 24. Rxe6 Rg5 25. Qxh6 fxe6 26. Qxf6 Qb5 27.
Qxe6+ Rd7 28. Rf3 Qd5 29. Rf8+ Kc7 30. Qxd5 Rxd5 31. Ne3 Rg5 32. Bf4 1-0

[Event "European Rapid 2014"]
[Site "Wroclaw POL"]
[Date "2014.12.20"]
[Round "5.40"]
[White "Decosse, Jean-Fabien"]
[Black "Sivuk, Vitaly"]
[Result "0-1"]
[WhiteTitle "CM"]
[BlackTitle "IM"]
[WhiteElo "2203"]
[BlackElo "2501"]
[WhiteFideId "622583"]
[BlackFideId "14116502"]
[EventDate "2014.12.20"]

1. d4 Nf6 2. c4 e6 3. Nc3 Bb4 4. Qc2 c5 5. dxc5 O-O 6. a3 Bxc5 7. b4 Be7 8. Nf3
a5 9. Rb1 Na6 10. c5 axb4 11. axb4 b6 12. Na4 bxc5 13. bxc5 Nxc5 14. Nxc5 Qa5+
15. Bd2 Qxc5 16. Qxc5 Bxc5 17. e3 Ne4 18. Bd3 Nxd2 19. Nxd2 Ra2 20. Bc4 Ra3 21.
Ke2 d5 22. Bd3 Ba6 23. Bxa6 Rxa6 24. Rhc1 Bd6 25. Rc2 g5 26. h3 Kg7 27. Rb7 Rfa8
28. Nf3 Kg6 29. Rd7 h5 30. g4 h4 31. Nd4 Be5 32. Nc6 Bf6 33. Ne7+ Bxe7 34. Rxe7
Ra2 35. Rxa2 Rxa2+ 36. Kf3 Rd2 37. Ra7 e5 38. Ra6+ f6 39. Ra7 e4+ 40. Kg2 d4 41.
exd4 e3 42. Kf3 Rxf2+ 43. Kxe3 Rh2 44. d5 Rxh3+ 45. Ke4 Rg3 46. d6 Rxg4+ 47. Kd3
Rg1 48. Kc2 Rg2+ 49. Kc3 Rg3+ 50. Kc2 Rg4 51. Kc3 Rg1 52. Kc2 Re1 53. d7 Re7 54.
d8=Q Rxa7 55. Qe8+ Kg7 56. Kd1 h3 57. Qb8 Ra1+ 58. Kc2 h2 59. Qb7+ Kh6 60. Qb8
h1=Q 61. Qh8+ Kg6 62. Qe8+ Kf5 63. Qd7+ Kf4 64. Qd6+ Kg4 65. Qe6+ f5 66. Qe2+
Qf3 0-1

[Event "European Rapid 2014"]
[Site "Wroclaw POL"]
[Date "2014.12.20"]
[Round "5.41"]
[White "Teglas, Balazs"]
[Black "Stocek, Jiri"]
[Result "1/2-1/2"]
[BlackTitle "GM"]
[WhiteElo "2252"]
[BlackElo "2554"]
[WhiteFideId "727130"]
[BlackFideId "304760"]
[EventDate "2014.12.20"]

1. d4 Nf6 2. Bf4 c5 3. e3 e6 4. Nf3 Qb6 5. Nc3 Nc6 6. Nb5 Nd5 7. dxc5 Bxc5 8.
Bd6 a6 9. c4 axb5 10. Bxc5 Qxc5 11. cxd5 Nb4 12. Rc1 Qxd5 13. Qxd5 Nxd5 14. Bxb5
Ke7 15. a3 Ra5 16. Bc4 Nb6 17. Bb3 d6 18. Ke2 Bd7 19. Rc7 Rb8 20. Rhc1 Rc8 21.
Rxc8 Nxc8 22. Rc7 Ra7 23. Ng5 h6 24. Ne4 Nb6 25. Kd2 Na8 26. Rc1 Bc6 27. f3 Bxe4
28. fxe4 Nb6 29. Rc7+ Nd7 30. Rc8 Ne5 31. Rg8 g6 32. Rb8 h5 33. h3 Nc6 34. Rc8
Kd7 35. Rf8 Nd8 36. Bc4 Ra5 37. a4 Ke7 38. Rh8 Nc6 39. Bb5 Ne5 40. Rc8 Ra7 41.
Re8+ Kf6 42. Rc8 Nc6 43. Rc7 Nb4 44. Kc3 Na6 45. Bxa6 Rxa6 46. b3 Rb6 47. b4 d5
48. exd5 exd5 49. b5 Ke5 50. Rxf7 g5 51. Re7+ Kd6 52. Rg7 Kc5 53. Rxg5 Re6 54.
Kd2 Re4 55. a5 Ra4 56. a6 bxa6 57. bxa6 Rxa6 58. e4 Kd4 59. exd5 Ra2+ 60. Ke1
Ke3 61. Kd1 h4 62. d6 Rd2+ 63. Ke1 Rxd6 64. Re5+ Kf4 65. Re2 Kg3 66. Ra2 Rb6 67.
Ra4 Rb1+ 68. Ke2 Rb2+ 69. Kf1 Rf2+ 70. Kg1 Rxg2+ 71. Kh1 Rb2 72. Ra3+ Kf2 73.
Ra4 Re2 74. Rxh4 Kg3 75. Rg4+ Kxh3 76. Rg2 Re1+ 77. Rg1 Rxg1+ 78. Kxg1 1/2-1/2

[Event "European Rapid 2014"]
[Site "Wroclaw POL"]
[Date "2014.12.20"]
[Round "5.42"]
[White "Alekseenko, Kirill"]
[Black "Lewicki, Miroslaw"]
[Result "1-0"]
[WhiteTitle "FM"]
[BlackTitle "CM"]
[WhiteElo "2499"]
[BlackElo "2208"]
[WhiteFideId "4135539"]
[BlackFideId "1113380"]
[EventDate "2014.12.20"]

1. e4 c5 2. Nf3 d6 3. d4 cxd4 4. Nxd4 Nf6 5. Nc3 a6 6. Be2 e5 7. Nb3 Be6 8. f4
Qc7 9. g4 exf4 10. g5 Nfd7 11. Bxf4 Nc6 12. Qd2 Be7 13. O-O-O Nce5 14. Nd4 g6
15. h4 O-O-O 16. h5 Kb8 17. Kb1 Nb6 18. Nxe6 fxe6 19. Qd4 gxh5 20. Rxh5 Ng6 21.
Be3 Nc8 22. Bg4 Rde8 23. Bxe6 Bxg5 24. Rxg5 Rxe6 25. Rxg6 1-0

[Event "European Rapid 2014"]
[Site "Wroclaw POL"]
[Date "2014.12.20"]
[Round "5.43"]
[White "Tworzydlo, Piotr"]
[Black "Jaracz, Pawel"]
[Result "0-1"]
[BlackTitle "GM"]
[WhiteElo "2133"]
[BlackElo "2503"]
[WhiteFideId "1130781"]
[BlackFideId "1102222"]
[EventDate "2014.12.20"]

1. e4 c5 2. Nf3 e6 3. d4 cxd4 4. Nxd4 Nc6 5. Nc3 Qc7 6. Nxc6 bxc6 7. Bd3 Nf6 8.
O-O d5 9. Qf3 Be7 10. Bf4 Qb6 11. exd5 cxd5 12. Bb5+ Bd7 13. Bxd7+ Nxd7 14. Rfe1
Nf6 15. Na4 Qb5 16. b3 Rc8 17. c3 O-O 18. Rad1 Rc6 19. Re5 Qb7 20. Re3 Rfc8 21.
Be5 Nd7 22. Bd4 Bf6 23. Ree1 h6 24. h3 a5 25. Qe3 e5 26. Ba7 d4 27. cxd4 Qxa7
28. dxe5 Qxe3 29. Rxe3 Nxe5 30. Rd5 Ng6 31. Rxa5 Rc1+ 32. Kh2 R8c2 0-1

[Event "European Rapid 2014"]
[Site "Wroclaw POL"]
[Date "2014.12.20"]
[Round "5.44"]
[White "Kantans, Toms"]
[Black "Machan, Jan"]
[Result "1/2-1/2"]
[WhiteTitle "IM"]
[WhiteElo "2447"]
[BlackElo "2240"]
[WhiteFideId "11602945"]
[BlackFideId "334774"]
[EventDate "2014.12.20"]

1. e4 c5 2. Nf3 d6 3. Bb5+ Bd7 4. a4 Nf6 5. Qe2 e6 6. O-O Be7 7. c3 a6 8. Bxd7+
Qxd7 9. d4 cxd4 10. cxd4 d5 11. e5 Ne4 12. Ne1 f5 13. exf6 Bxf6 14. Nc3 Nxc3 15.
bxc3 O-O 16. Nd3 Re8 17. Rb1 Qc6 18. Qb2 Ra7 19. a5 Nd7 20. Re1 Qc7 21. Bd2 Qxa5
22. Nf4 Nf8 23. c4 Qa4 24. Qb6 Raa8 25. cxd5 Qxd4 26. Qxd4 Bxd4 27. Rxb7 exd5
28. Rxe8 Rxe8 29. Kf1 Bc5 30. Nxd5 Rd8 31. Bc3 Ne6 32. Ne7+ Kf8 33. Nf5 Rd3 34.
Bxg7+ Nxg7 35. Nxg7 Rd6 36. Ke2 Rg6 37. Nf5 Rxg2 38. Ne3 Rxh2 39. Rc7 Bxe3 40.
Kxe3 Rh6 41. Ra7 Kg8 42. f4 Rb6 43. Kf3 h6 44. Kg4 Rf6 45. f5 Rb6 46. Kf4 Kf8
47. Ke5 Rc6 48. f6 Rb6 49. Kf5 Rb1 50. Rxa6 Rf1+ 51. Kg6 Rg1+ 52. Kxh6 Rh1+ 53.
Kg6 Rg1+ 54. Kf5 Rf1+ 1/2-1/2

[Event "European Rapid 2014"]
[Site "Wroclaw POL"]
[Date "2014.12.20"]
[Round "5.45"]
[White "Scibior, Adam"]
[Black "Djuric, Stefan"]
[Result "0-1"]
[BlackTitle "GM"]
[WhiteElo "2229"]
[BlackElo "2402"]
[WhiteFideId "1136801"]
[BlackFideId "900133"]
[EventDate "2014.12.20"]

1. Nf3 g6 2. c4 Bg7 3. d4 Nf6 4. g3 c5 5. Bg2 Qa5+ 6. Nc3 Ne4 7. Bd2 Nxd2 8.
Qxd2 cxd4 9. Nxd4 Nc6 10. e3 O-O 11. O-O Ne5 12. Qe2 d6 13. Nd5 Qd8 14. h3 Bd7
15. Rac1 Rc8 16. Rfd1 e6 17. Nf4 Qb6 18. b3 Rfd8 19. Kh2 h5 20. Rc2 Bf6 21. Nf3
a5 22. Rcd2 Be8 23. Nd4 Bd7 24. Nf3 Be8 25. Nxe5 Bxe5 26. h4 a4 27. Qd3 axb3 28.
axb3 Ra8 29. b4 Ra4 30. b5 Qc5 31. Bxb7 Rxc4 32. Bc6 Bxc6 33. Nxe6 Rxh4+ 0-1

[Event "European Rapid 2014"]
[Site "Wroclaw POL"]
[Date "2014.12.20"]
[Round "5.46"]
[White "Berzinsh, Roland"]
[Black "Marie, Maxime"]
[Result "1-0"]
[WhiteTitle "IM"]
[BlackTitle "CM"]
[WhiteElo "2395"]
[BlackElo "2232"]
[WhiteFideId "11600357"]
[BlackFideId "625590"]
[EventDate "2014.12.20"]

1. e4 c5 2. Nf3 Nc6 3. d4 cxd4 4. Nxd4 Nf6 5. Nc3 e5 6. Ndb5 d6 7. a4 a6 8. Na3
Be7 9. Bg5 Be6 10. Bxf6 Bxf6 11. Bc4 O-O 12. O-O Rc8 13. Nd5 Bg5 14. c3 Ne7 15.
Qd3 Kh8 16. Rad1 Ng6 17. Ne3 Qf6 18. Bxe6 fxe6 19. Nac4 Nf4 20. Qc2 Qg6 21. Nxd6
Rcd8 22. Kh1 Qh5 23. Ndc4 Rxd1 24. Qxd1 Ne2 25. g4 Qh3 26. Qxe2 b5 27. axb5 axb5
28. Nxe5 Bxe3 29. Nd3 h5 30. Rg1 Bb6 31. Rg3 Qh4 32. Kg2 Qd8 33. Ne5 Qf6 34. Rf3 1-0

[Event "European Rapid 2014"]
[Site "Wroclaw POL"]
[Date "2014.12.20"]
[Round "5.47"]
[White "Pakleza, Zbigniew"]
[Black "Cechura, Petr"]
[Result "1-0"]
[WhiteTitle "IM"]
[WhiteElo "2498"]
[BlackElo "2186"]
[WhiteFideId "1119290"]
[BlackFideId "314846"]
[EventDate "2014.12.20"]

1. d4 d5 2. Bf4 Nf6 3. e3 e6 4. Nd2 Bd6 5. Bg3 O-O 6. Ngf3 a6 7. Bd3 Nbd7 8. Ne5
Ne8 9. f4 f5 10. Ndf3 Nxe5 11. fxe5 Be7 12. c4 c6 13. O-O Bd7 14. Rc1 Nc7 15. a3
Be8 16. Qb3 b5 17. cxd5 Nxd5 18. e4 fxe4 19. Bxe4 Rc8 20. Qd3 g6 21. h4 c5 22.
h5 Nf4 23. Bxf4 Rxf4 24. hxg6 hxg6 25. Bxg6 Kg7 26. Be4 Bh5 27. Qe3 Qf8 28. d5
exd5 29. Bxd5 Bxf3 30. Rxf3 Bg5 31. Rg3 Qf5 32. Be6 Qg6 33. Bxc8 Rf1+ 34. Rxf1
Bxe3+ 35. Rxe3 Qc6 36. Rg3+ Kh7 37. Rf7+ Kh8 38. Rf8+ Kh7 39. Bf5+ 1-0

[Event "European Rapid 2014"]
[Site "Wroclaw POL"]
[Date "2014.12.20"]
[Round "5.48"]
[White "Varga, Klara"]
[Black "Matnadze, Ana"]
[Result "0-1"]
[WhiteTitle "WIM"]
[BlackTitle "IM"]
[WhiteElo "2126"]
[BlackElo "2411"]
[WhiteFideId "733210"]
[BlackFideId "13601377"]
[EventDate "2014.12.20"]

1. c4 Nf6 2. Nc3 e6 3. g3 d5 4. d4 g6 5. Bg2 Bg7 6. b3 O-O 7. Bb2 Na6 8. e3 c5
9. cxd5 cxd4 10. exd4 Nxd5 11. Nxd5 exd5 12. Ne2 Re8 13. O-O Bg4 14. f3 Bf5 15.
a3 Rc8 16. Nc3 h5 17. Kh1 Qd7 18. Qd2 Kh7 19. Qf2 Nc7 20. g4 hxg4 21. fxg4 Bxg4
22. Qxf7 Qxf7 23. Rxf7 Be6 24. Rf4 g5 25. Rff1 Bxd4 26. Rad1 Bg7 27. Rd2 Rcd8
28. Rfd1 Bg4 29. Rg1 Be6 30. Rgd1 Be5 31. Ne4 Bxb2 32. Nxg5+ Kh6 33. Nxe6 Nxe6
34. Rxb2 Nf4 35. Rf2 Ng6 36. Bxd5 Re5 37. Rfd2 Nf4 38. Rf2 Rdxd5 39. Rdf1 Ng6
40. Rf7 Rd2 0-1